[Event "DVM U12 2023"]
[Site "Magdeburg GER"]
[Date "2023.12.27"]
[Round "1"]
[White "Gersemann, Karl"]
[Black "Meitzner, Jonathan Franz"]
[Result "1-0"]
[Termination "normal"]
[Board "4.1"]
[WhiteElo "1520"]
[BlackElo "1409"]
[WhiteClock "00:22:10"]
[BlackClock "00:15:06"]
[WhiteTeam "TSG Oberschöneweide"]
[BlackTeam "1. Eichsfelder SC"]
[PlyCount "83"]
[WhiteFideId "34602186"]
[BlackFideId "34616110"]
[EventCountry "GER"]
[EventRounds "7"]
[EventType "team-swiss"]
[EventDate "2023.12.26"]

1. e4 {[%clk 01:30:56]} {[%emt 00:00:03]} c5 {[%clk 01:30:52]} {[%emt
00:00:08]} 2. Nf3 {[%clk 01:31:18]} {[%emt 00:00:08]} d6 {[%clk 01:31:08]}
{[%emt 00:00:15]} 3. d4 {[%clk 01:31:43]} {[%emt 00:00:05]} cxd4 {[%clk
01:31:32]} {[%emt 00:00:06]} 4. Nxd4 {[%clk 01:32:07]} {[%emt 00:00:06]} Nf6
{[%clk 01:31:48]} {[%emt 00:00:15]} 5. Nc3 {[%clk 01:32:30]} {[%emt 00:00:06]}
a6 {[%clk 01:32:04]} {[%emt 00:00:14]} 6. Be3 {[%clk 01:32:23]} {[%emt
00:00:36]} e5 {[%clk 01:30:55]} {[%emt 00:01:39]} 7. Nb3 {[%clk 01:32:45]}
{[%emt 00:00:08]} Be7 {[%clk 01:29:11]} {[%emt 00:02:14]} 8. f3 {[%clk
01:33:04]} {[%emt 00:00:11]} O-O {[%clk 01:27:57]} {[%emt 00:01:45]} 9. Qd2
{[%clk 01:33:08]} {[%emt 00:00:26]} Be6 {[%clk 01:27:42]} {[%emt 00:00:45]} 10.
O-O-O {[%clk 01:32:25]} {[%emt 00:01:12]} Nbd7 {[%clk 01:27:32]} {[%emt
00:00:40]} 11. g4 {[%clk 01:32:26]} {[%emt 00:00:28]} b5 {[%clk 01:27:19]}
{[%emt 00:00:44]} 12. g5 {[%clk 01:32:01]} {[%emt 00:00:55]} Nh5 {[%clk
01:26:34]} {[%emt 00:01:15]} 13. Nd5 {[%clk 01:31:49]} {[%emt 00:00:42]} Bxd5
{[%clk 01:26:28]} {[%emt 00:00:37]} 14. exd5 {[%clk 01:32:13]} {[%emt
00:00:06]} Nb6 {[%clk 01:25:44]} {[%emt 00:01:00]} 15. Na5 {[%clk 01:31:37]}
{[%emt 00:01:19]} Qc7 {[%clk 01:13:07]} {[%emt 00:13:05]} 16. Nc6 {[%clk
01:29:52]} {[%emt 00:02:17]} Rfe8 {[%clk 01:11:58]} {[%emt 00:01:40]} 17. b3
{[%clk 01:22:30]} {[%emt 00:07:52]} Nd7 {[%clk 00:54:28]} {[%emt 00:18:00]} 18.
h4 {[%clk 01:17:41]} {[%emt 00:05:18]} Nb8 {[%clk 00:53:55]} {[%emt 00:01:03]}
19. Nxe7+ {[%clk 01:12:11]} {[%emt 00:06:00]} Rxe7 {[%clk 00:54:07]} {[%emt
00:00:18]} 20. Bh3 {[%clk 01:12:04]} {[%emt 00:00:37]} Nd7 {[%clk 00:48:20]}
{[%emt 00:06:18]} 21. Bg4 {[%clk 01:12:09]} {[%emt 00:00:24]} Nf4 {[%clk
00:44:37]} {[%emt 00:04:13]} 22. Bxf4 {[%clk 01:12:10]} {[%emt 00:00:30]} exf4
{[%clk 00:44:38]} {[%emt 00:00:28]} 23. Bxd7 {[%clk 01:12:06]} {[%emt
00:00:34]} Rxd7 {[%clk 00:44:16]} {[%emt 00:00:52]} 24. Qxf4 {[%clk 01:11:55]}
{[%emt 00:00:41]} Rc8 {[%clk 00:38:53]} {[%emt 00:05:54]} 25. Qd2 {[%clk
01:09:49]} {[%emt 00:02:36]} a5 {[%clk 00:37:00]} {[%emt 00:02:23]} 26. Rhe1
{[%clk 01:08:30]} {[%emt 00:01:48]} Qc5 {[%clk 00:35:40]} {[%emt 00:01:50]} 27.
Kb2 {[%clk 01:06:47]} {[%emt 00:02:13]} b4 {[%clk 00:30:49]} {[%emt 00:05:21]}
28. Re4 {[%clk 01:04:56]} {[%emt 00:02:20]} Qb5 {[%clk 00:29:24]} {[%emt
00:01:57]} 29. Qd4 {[%clk 00:33:51]} {[%emt 00:31:35]} Rdc7 {[%clk 00:27:10]}
{[%emt 00:02:42]} 30. Rd2 {[%clk 00:33:38]} {[%emt 00:00:45]} Rc3 {[%clk
00:26:55]} {[%emt 00:00:46]} 31. f4 {[%clk 00:31:38]} {[%emt 00:02:30]} Rb8
{[%clk 00:22:40]} {[%emt 00:04:45]} 32. h5 {[%clk 00:30:35]} {[%emt 00:01:32]}
Qc5 {[%clk 00:18:19]} {[%emt 00:04:52]} 33. Qxc5 {[%clk 00:29:28]} {[%emt
00:01:38]} Rxc5 {[%clk 00:18:34]} {[%emt 00:00:15]} 34. Re7 {[%clk 00:27:54]}
{[%emt 00:02:03]} Rd8 {[%clk 00:17:38]} {[%emt 00:01:27]} 35. f5 {[%clk
00:24:58]} {[%emt 00:03:26]} Kf8 {[%clk 00:16:47]} {[%emt 00:01:20]} 36. Re3
{[%clk 00:24:09]} {[%emt 00:01:19]} Re8 {[%clk 00:16:29]} {[%emt 00:00:49]} 37.
Rxe8+ {[%clk 00:23:45]} {[%emt 00:00:54]} Kxe8 {[%clk 00:16:45]} {[%emt
00:00:15]} 38. Rd3 {[%clk 00:22:47]} {[%emt 00:01:28]} Kd7 {[%clk 00:15:50]}
{[%emt 00:01:25]} 39. Kc1 {[%clk 00:22:19]} {[%emt 00:00:57]} Rc3 {[%clk
00:14:21]} {[%emt 00:02:00]} 40. Rxc3 {[%clk 00:21:22]} {[%emt 00:01:28]} bxc3
{[%clk 00:14:41]} {[%emt 00:00:10]} 41. Kd1 {[%clk 00:21:46]} {[%emt 00:00:06]}
Kc7 {[%clk 00:15:06]} {[%emt 00:00:06]} 42. Ke2 {[%clk 00:22:10]} {[%emt
00:00:06]} Kb6 43. g6 hxg6 44. f6 gxf6 45. h6 Kc5 46. h7 Kxd5 47. h8=Q Ke5 48.
Ke3 1-0

[Event "DVM U12 2023"]
[Site "Magdeburg GER"]
[Date "2023.12.27"]
[Round "1"]
[White "Meitzner, Johan Eduard"]
[Black "Nguyen, Bach Khoi"]
[Result "1-0"]
[Termination "normal"]
[Board "4.2"]
[WhiteElo "1383"]
[BlackElo "1262"]
[WhiteClock "00:27:38"]
[BlackClock "00:35:02"]
[WhiteTeam "1. Eichsfelder SC"]
[BlackTeam "TSG Oberschöneweide"]
[PlyCount "116"]
[WhiteFideId "34623612"]
[BlackFideId "34600256"]
[EventCountry "GER"]
[EventRounds "7"]
[EventType "team-swiss"]
[EventDate "2023.12.26"]

1. d4 {[%clk 01:30:53]} {[%emt 00:00:07]} d5 {[%clk 01:30:55]} {[%emt
00:00:05]} 2. Bf4 {[%clk 01:31:18]} {[%emt 00:00:05]} Nf6 {[%clk 01:31:14]}
{[%emt 00:00:11]} 3. e3 {[%clk 01:31:36]} {[%emt 00:00:11]} e6 {[%clk
01:31:33]} {[%emt 00:00:11]} 4. Bd3 {[%clk 01:31:57]} {[%emt 00:00:09]} c5
{[%clk 01:30:43]} {[%emt 00:01:21]} 5. c3 {[%clk 01:32:20]} {[%emt 00:00:06]}
Bd6 {[%clk 01:31:07]} {[%emt 00:00:06]} 6. Bg3 {[%clk 01:32:08]} {[%emt
00:00:43]} Qc7 {[%clk 01:30:13]} {[%emt 00:01:23]} 7. Nf3 {[%clk 01:29:11]}
{[%emt 00:03:27]} Nbd7 {[%clk 01:29:50]} {[%emt 00:00:53]} 8. Nbd2 {[%clk
01:28:59]} {[%emt 00:00:41]} O-O {[%clk 01:30:07]} {[%emt 00:00:15]} 9. e4
{[%clk 01:22:25]} {[%emt 00:07:03]} dxe4 {[%clk 01:29:00]} {[%emt 00:01:37]}
10. Bxd6 {[%clk 01:18:59]} {[%emt 00:03:56]} Qxd6 {[%clk 01:29:04]} {[%emt
00:00:26]} 11. Nxe4 {[%clk 01:19:02]} {[%emt 00:00:27]} Nxe4 {[%clk 01:24:30]}
{[%emt 00:05:04]} 12. Bxe4 {[%clk 01:18:17]} {[%emt 00:01:16]} cxd4 {[%clk
01:23:31]} {[%emt 00:01:29]} 13. O-O {[%clk 01:06:45]} {[%emt 00:12:03]} Nf6
{[%clk 01:19:01]} {[%emt 00:05:01]} 14. Bc2 {[%clk 01:06:00]} {[%emt 00:01:13]}
Rd8 {[%clk 01:16:00]} {[%emt 00:03:32]} 15. Nxd4 {[%clk 01:05:47]} {[%emt
00:00:41]} Qe7 {[%clk 01:11:31]} {[%emt 00:04:58]} 16. Qf3 {[%clk 00:59:06]}
{[%emt 00:07:12]} Qc5 {[%clk 00:58:18]} {[%emt 00:13:44]} 17. Rad1 {[%clk
00:55:47]} {[%emt 00:03:46]} Bd7 {[%clk 00:51:57]} {[%emt 00:06:55]} 18. Rfe1
{[%clk 00:42:03]} {[%emt 00:14:14]} Qd5 {[%clk 00:48:29]} {[%emt 00:03:58]} 19.
Bb3 {[%clk 00:36:35]} {[%emt 00:05:53]} Qxf3 {[%clk 00:47:39]} {[%emt
00:01:26]} 20. Nxf3 {[%clk 00:36:52]} {[%emt 00:00:13]} Bc6 {[%clk 00:47:37]}
{[%emt 00:00:32]} 21. Nd4 {[%clk 00:32:07]} {[%emt 00:05:14]} Bd5 {[%clk
00:45:15]} {[%emt 00:02:52]} 22. c4 {[%clk 00:31:18]} {[%emt 00:01:19]} Be4
{[%clk 00:44:12]} {[%emt 00:01:33]} 23. f3 {[%clk 00:31:06]} {[%emt 00:00:43]}
Bg6 {[%clk 00:44:28]} {[%emt 00:00:14]} 24. Nb5 {[%clk 00:26:00]} {[%emt
00:05:36]} h6 {[%clk 00:41:37]} {[%emt 00:03:21]} 25. Nd6 {[%clk 00:19:14]}
{[%emt 00:07:17]} Rd7 {[%clk 00:39:19]} {[%emt 00:02:47]} 26. Re2 {[%clk
00:18:38]} {[%emt 00:01:03]} Rad8 {[%clk 00:39:25]} {[%emt 00:00:26]} 27. Red2
{[%clk 00:18:21]} {[%emt 00:00:47]} Ne8 {[%clk 00:22:13]} {[%emt 00:17:43]} 28.
c5 {[%clk 00:09:43]} {[%emt 00:09:07]} Nxd6 {[%clk 00:17:14]} {[%emt 00:05:29]}
29. cxd6 {[%clk 00:06:56]} {[%emt 00:03:19]} a6 {[%clk 00:17:27]} {[%emt
00:00:17]} 30. a4 {[%clk 00:07:03]} {[%emt 00:00:21]} b5 {[%clk 00:16:53]}
{[%emt 00:01:05]} 31. Kf2 {[%clk 00:05:34]} {[%emt 00:02:00]} Rc8 {[%clk
00:14:42]} {[%emt 00:02:41]} 32. Ke3 {[%clk 00:04:23]} {[%emt 00:01:41]} Kf8
{[%clk 00:14:28]} {[%emt 00:00:44]} 33. h3 {[%clk 00:02:00]} {[%emt 00:02:53]}
h5 {[%clk 00:12:14]} {[%emt 00:02:44]} 34. g4 {[%emt 00:00:54]} hxg4 {[%clk
00:11:55]} {[%emt 00:00:49]} 35. hxg4 {[%clk 00:01:56]} {[%emt 00:00:10]} f6
{[%clk 00:11:05]} {[%emt 00:01:20]} 36. Kf2 {[%clk 00:01:06]} {[%emt 00:01:20]}
Kf7 {[%clk 00:09:37]} {[%emt 00:01:58]} 37. Re1 {[%clk 00:00:40]} {[%emt
00:00:56]} Re8 {[%clk 00:09:46]} {[%emt 00:00:21]} 38. f4 {[%clk 00:00:52]}
{[%emt 00:00:18]} f5 {[%clk 00:10:05]} {[%emt 00:00:11]} 39. gxf5 {[%clk
00:01:02]} {[%emt 00:00:20]} Bxf5 {[%clk 00:10:12]} {[%emt 00:00:22]} 40. Re5
{[%clk 00:01:12]} {[%emt 00:00:17]} g6 {[%clk 00:09:46]} {[%emt 00:00:58]} 41.
axb5 {[%clk 00:01:35]} {[%emt 00:00:07]} axb5 {[%clk 00:08:25]} {[%emt
00:01:52]} 42. Rxb5 {[%clk 00:01:56]} {[%emt 00:00:09]} Rh8 {[%clk 00:07:56]}
{[%emt 00:00:58]} 43. Kg2 {[%clk 00:00:36]} {[%emt 00:01:47]} Be4+ {[%clk
00:07:30]} {[%emt 00:00:58]} 44. Kg3 {[%clk 00:28:48]} {[%emt 00:02:15]} Bf5
{[%clk 00:37:34]} {[%emt 00:00:29]} 45. Ba4 {[%clk 00:27:30]} {[%emt 00:01:49]}
Rh3+ {[%clk 00:36:50]} {[%emt 00:01:15]} 46. Kg2 {[%clk 00:27:45]} {[%emt
00:00:13]} Rh5 {[%clk 00:35:07]} {[%emt 00:02:12]} 47. Rxf5+ {[%clk 00:27:09]}
{[%emt 00:01:10]} Rxf5 {[%clk 00:33:31]} {[%emt 00:02:06]} 48. Bxd7 {[%clk
00:27:33]} {[%emt 00:00:06]} Rxf4 {[%clk 00:33:44]} {[%emt 00:00:18]} 49. Rf2
{[%clk 00:27:46]} {[%emt 00:00:15]} Rxf2+ {[%clk 00:32:33]} {[%emt 00:01:41]}
50. Kxf2 {[%clk 00:28:06]} {[%emt 00:00:10]} Kf6 {[%clk 00:32:49]} {[%emt
00:00:15]} 51. Be8 {[%clk 00:27:40]} {[%emt 00:00:55]} g5 {[%clk 00:32:52]}
{[%emt 00:00:29]} 52. Kf3 {[%clk 00:27:54]} {[%emt 00:00:14]} e5 {[%clk
00:33:14]} {[%emt 00:00:09]} 53. b4 {[%clk 00:27:05]} {[%emt 00:01:18]} g4+
{[%clk 00:33:40]} {[%emt 00:00:05]} 54. Kxg4 {[%clk 00:26:48]} {[%emt
00:00:47]} e4 {[%clk 00:33:58]} {[%emt 00:00:12]} 55. Kf4 {[%clk 00:26:59]}
{[%emt 00:00:18]} Ke6 {[%clk 00:33:54]} {[%emt 00:00:33]} 56. d7 {[%clk
00:27:13]} {[%emt 00:00:17]} Ke7 {[%clk 00:34:18]} {[%emt 00:00:06]} 57. Kxe4
{[%clk 00:27:36]} {[%emt 00:00:07]} Ke6 {[%clk 00:34:43]} {[%emt 00:00:05]} 58.
d8=R {[%clk 00:27:38]} {[%emt 00:00:27]} Ke7 {[%clk 00:35:02]} {[%emt
00:00:10]} 1-0

[Event "DVM U12 2023"]
[Site "Magdeburg GER"]
[Date "2023.12.27"]
[Round "1"]
[White "Vu, Khoi Nguyen"]
[Black "Löffelholz, Simon"]
[Result "1-0"]
[Termination "normal"]
[Board "4.3"]
[WhiteElo "1599"]
[BlackElo "1271"]
[WhiteTeam "TSG Oberschöneweide"]
[BlackTeam "1. Eichsfelder SC"]
[PlyCount "119"]
[WhiteFideId "34605088"]
[BlackFideId "34623620"]
[EventCountry "GER"]
[EventRounds "7"]
[EventType "team-swiss"]
[EventDate "2023.12.26"]

1. e4 {[%emt 07:25:37]} c5 {[%emt 00:00:09]} 2. Nf3 {[%emt 00:00:05]} d6 {[%emt
00:00:11]} 3. d4 {[%emt 00:00:05]} cxd4 {[%emt 00:00:10]} 4. Nxd4 {[%emt
00:00:03]} Nf6 {[%emt 00:00:23]} 5. Nc3 {[%emt 00:00:08]} a6 {[%emt 00:00:12]}
6. Bd3 {[%emt 00:01:49]} e5 {[%emt 00:00:47]} 7. Nb3 {[%emt 00:01:46]} Be7
{[%emt 00:00:23]} 8. O-O {[%emt 00:00:31]} O-O {[%emt 00:00:21]} 9. Qe2 {[%emt
00:03:06]} Qc7 {[%emt 00:01:37]} 10. Bg5 {[%emt 00:01:55]} Nbd7 {[%emt
00:00:57]} 11. Rad1 {[%emt 00:01:18]} Rd8 {[%emt 00:07:41]} 12. Bc4 {[%emt
00:02:54]} b5 {[%emt 00:03:53]} 13. Bd5 {[%emt 00:00:59]} Bb7 {[%emt 00:01:57]}
14. Bxb7 {[%emt 00:00:58]} Qxb7 {[%emt 00:00:21]} 15. f3 {[%emt 00:01:42]} Rac8
{[%emt 00:03:00]} 16. Be3 {[%emt 00:00:48]} Qc7 {[%emt 00:03:18]} 17. Rd2
{[%emt 00:05:54]} Nb6 {[%emt 00:02:28]} 18. Bxb6 {[%emt 00:00:51]} Qxb6+ {[%emt
00:00:14]} 19. Kh1 {[%emt 00:00:11]} b4 {[%emt 00:04:45]} 20. Nd5 {[%emt
00:01:07]} Nxd5 {[%emt 00:00:21]} 21. Rxd5 {[%emt 00:00:21]} Bg5 {[%emt
00:03:49]} 22. Rfd1 {[%emt 00:05:16]} Qc6 {[%emt 00:04:12]} 23. c4 {[%emt
00:04:32]} Be7 {[%emt 00:12:09]} 24. Na5 {[%emt 00:02:35]} Qb6 {[%emt
00:04:05]} 25. Qd2 {[%emt 00:02:08]} Rc5 {[%emt 00:01:09]} 26. Nb7 {[%emt
00:02:17]} Rxd5 {[%emt 00:01:57]} 27. Qxd5 {[%emt 00:00:09]} Rd7 {[%emt
00:02:50]} 28. Nc5 {[%emt 00:01:02]} Rd8 {[%emt 00:02:39]} 29. Nd3 {[%emt
00:07:16]} a5 {[%emt 00:01:32]} 30. b3 {[%emt 00:00:43]} Rb8 {[%emt 00:01:30]}
31. c5 {[%emt 00:03:37]} dxc5 {[%emt 00:02:21]} 32. Nxe5 {[%emt 00:00:22]} Qe6
{[%emt 00:00:48]} 33. Nc6 {[%emt 00:00:58]} Re8 {[%emt 00:02:53]} 34. Qxe6
{[%emt 00:01:33]} fxe6 {[%emt 00:00:24]} 35. Nxa5 {[%emt 00:01:01]} Ra8 {[%emt
00:00:20]} 36. Nc6 {[%emt 00:00:07]} Bf6 {[%emt 00:00:57]} 37. e5 {[%emt
00:00:54]} Bg5 {[%emt 00:00:29]} 38. Ra1 {[%emt 00:02:03]} Rc8 {[%emt
00:00:22]} 39. f4 {[%emt 00:02:15]} Rxc6 {[%emt 00:00:34]} 40. fxg5 {[%emt
00:00:07]} Kf7 {[%emt 00:00:19]} 41. h4 {[%emt 00:00:45]} Kg6 {[%emt 00:00:07]}
42. g4 {[%emt 00:00:16]} c4 {[%emt 00:00:44]} 43. Rc1 {[%emt 00:01:07]} Rc5
{[%emt 00:00:17]} 44. Rxc4 {[%emt 00:00:35]} Rxe5 {[%emt 00:00:17]} 45. Rxb4
{[%emt 00:00:36]} Re1+ {[%emt 00:00:16]} 46. Kg2 {[%emt 00:00:13]} Re2+ {[%emt
00:00:11]} 47. Kf3 {[%emt 00:00:11]} Rxa2 {[%emt 00:00:18]} 48. Rb6 {[%emt
00:02:07]} Kf7 {[%emt 00:00:23]} 49. h5 {[%emt 00:00:32]} Ra1 {[%emt 00:00:21]}
50. Rb7+ {[%emt 00:00:42]} Kf8 {[%emt 00:00:18]} 51. b4 {[%emt 00:00:36]} Rf1+
{[%emt 00:00:50]} 52. Kg2 {[%emt 00:00:35]} Rf4 {[%emt 00:00:16]} 53. Kg3
{[%emt 00:00:28]} Rc4 {[%emt 00:00:33]} 54. b5 {[%emt 00:01:36]} e5 {[%emt
00:00:22]} 55. b6 {[%emt 00:00:38]} Rc3+ {[%emt 00:00:28]} 56. Kf2 {[%emt
00:00:50]} e4 {[%emt 00:00:24]} 57. Ra7 {[%emt 00:00:20]} e3+ {[%emt 00:00:56]}
58. Ke2 {[%emt 00:00:08]} Rc4 {[%emt 00:01:06]} 59. b7 {[%emt 00:00:10]} Rc7
{[%emt 00:00:18]} 60. b8=Q+ {[%emt 00:00:05]} 1-0

[Event "DVM U12 2023"]
[Site "Magdeburg GER"]
[Date "2023.12.27"]
[Round "1"]
[White "Löffelholz, Jonas"]
[Black "Schucht, Adrian"]
[Result "0-1"]
[Termination "normal"]
[Board "4.4"]
[WhiteElo "1201"]
[BlackElo "1392"]
[WhiteClock "00:51:44"]
[BlackClock "01:05:06"]
[WhiteTeam "1. Eichsfelder SC"]
[BlackTeam "TSG Oberschöneweide"]
[PlyCount "132"]
[WhiteFideId "34616101"]
[BlackFideId "34605061"]
[EventCountry "GER"]
[EventRounds "7"]
[EventType "team-swiss"]
[EventDate "2023.12.26"]

1. e4 {[%clk 01:30:57]} {[%emt 00:00:02]} c6 {[%clk 01:30:47]} {[%emt
00:00:13]} 2. d4 {[%clk 01:31:14]} {[%emt 00:00:13]} d5 {[%clk 01:31:10]}
{[%emt 00:00:07]} 3. e5 {[%clk 01:31:36]} {[%emt 00:00:09]} c5 {[%clk
01:31:12]} {[%emt 00:00:26]} 4. c3 {[%clk 01:30:48]} {[%emt 00:01:19]} Nc6
{[%clk 01:31:34]} {[%emt 00:00:08]} 5. Nf3 {[%clk 01:29:12]} {[%emt 00:02:06]}
Bg4 {[%clk 01:31:26]} {[%emt 00:00:36]} 6. Be2 {[%clk 01:29:23]} {[%emt
00:00:21]} e6 {[%clk 01:31:31]} {[%emt 00:00:24]} 7. O-O {[%clk 01:29:24]}
{[%emt 00:00:29]} Nge7 {[%clk 01:30:09]} {[%emt 00:01:51]} 8. Be3 {[%clk
01:28:25]} {[%emt 00:01:30]} Bxf3 {[%clk 01:29:19]} {[%emt 00:01:20]} 9. Bxf3
{[%clk 01:28:41]} {[%emt 00:00:14]} cxd4 {[%clk 01:29:10]} {[%emt 00:00:38]}
10. cxd4 {[%clk 01:28:52]} {[%emt 00:00:20]} Qb6 {[%clk 01:29:00]} {[%emt
00:00:39]} 11. Qa4 {[%clk 01:27:17]} {[%emt 00:02:07]} Nf5 {[%clk 01:27:58]}
{[%emt 00:01:27]} 12. Nd2 {[%clk 01:24:35]} {[%emt 00:03:16]} g6 {[%clk
01:17:40]} {[%emt 00:10:49]} 13. Nb3 {[%clk 01:24:19]} {[%emt 00:00:46]} Qb4
{[%clk 01:13:16]} {[%emt 00:04:52]} 14. Qxb4 {[%clk 01:21:50]} {[%emt
00:03:00]} Bxb4 {[%clk 01:12:59]} {[%emt 00:00:46]} 15. Bg5 {[%clk 01:21:59]}
{[%emt 00:00:22]} Ncxd4 {[%clk 01:12:26]} {[%emt 00:01:03]} 16. Nxd4 {[%clk
01:21:32]} {[%emt 00:00:56]} Nxd4 {[%clk 01:12:49]} {[%emt 00:00:07]} 17. Rfd1
{[%clk 01:21:49]} {[%emt 00:00:14]} Nxf3+ {[%clk 01:12:58]} {[%emt 00:00:21]}
18. gxf3 {[%clk 01:21:56]} {[%emt 00:00:23]} Be7 {[%clk 01:10:06]} {[%emt
00:03:21]} 19. Bf4 {[%clk 01:21:12]} {[%emt 00:01:15]} Kd7 {[%clk 01:09:21]}
{[%emt 00:01:13]} 20. Rac1 {[%clk 01:21:12]} {[%emt 00:00:31]} Rac8 {[%clk
01:09:11]} {[%emt 00:00:39]} 21. Rb1 {[%clk 01:19:26]} {[%emt 00:02:17]} Rc2
{[%clk 01:08:28]} {[%emt 00:01:11]} 22. Rd4 {[%clk 01:17:42]} {[%emt 00:02:16]}
Bc5 {[%clk 01:06:41]} {[%emt 00:02:17]} 23. Rdd1 {[%clk 01:17:09]} {[%emt
00:01:03]} Rxf2 {[%clk 01:06:24]} {[%emt 00:00:47]} 24. Kh1 {[%clk 01:15:24]}
{[%emt 00:02:15]} Rxf3 {[%clk 01:05:25]} {[%emt 00:01:29]} 25. Bg3 {[%clk
01:14:19]} {[%emt 00:01:35]} Rc8 {[%clk 01:04:04]} {[%emt 00:01:49]} 26. b4
{[%clk 01:13:18]} {[%emt 00:01:32]} Be7 {[%clk 01:03:07]} {[%emt 00:01:15]} 27.
Kg2 {[%clk 01:13:06]} {[%emt 00:00:55]} Rfc3 {[%clk 01:03:20]} {[%emt
00:00:16]} 28. a4 {[%clk 01:10:45]} {[%emt 00:02:53]} Rc2+ {[%clk 01:03:22]}
{[%emt 00:00:27]} 29. Kf1 {[%clk 01:10:57]} {[%emt 00:00:18]} Bg5 {[%clk
01:02:58]} {[%emt 00:00:54]} 30. Bf2 {[%clk 01:03:24]} {[%emt 00:08:04]} a6
{[%clk 01:02:25]} {[%emt 00:01:03]} 31. b5 {[%clk 01:02:29]} {[%emt 00:01:25]}
Rc1 {[%clk 01:02:01]} {[%emt 00:00:53]} 32. bxa6 {[%clk 01:01:35]} {[%emt
00:01:25]} Rxd1+ {[%clk 01:02:16]} {[%emt 00:00:15]} 33. Rxd1 {[%clk 01:01:37]}
{[%emt 00:00:28]} bxa6 {[%clk 01:02:36]} {[%emt 00:00:10]} 34. Rb1 {[%clk
01:01:13]} {[%emt 00:00:54]} Rc1+ {[%clk 01:03:00]} {[%emt 00:00:07]} 35. Rxc1
{[%clk 01:01:23]} {[%emt 00:00:20]} Bxc1 {[%clk 01:03:23]} {[%emt 00:00:06]}
36. Ke2 {[%clk 01:01:40]} {[%emt 00:00:14]} Bb2 {[%clk 01:03:26]} {[%emt
00:00:25]} 37. Bg3 {[%clk 01:01:52]} {[%emt 00:00:20]} Kc6 {[%clk 01:03:43]}
{[%emt 00:00:11]} 38. Kd3 {[%clk 01:01:43]} {[%emt 00:00:40]} Kc5 {[%clk
01:03:47]} {[%emt 00:00:25]} 39. Kc2 {[%clk 01:01:53]} {[%emt 00:00:20]} Bd4
{[%clk 01:03:12]} {[%emt 00:01:04]} 40. Kb3 {[%clk 01:01:53]} {[%emt 00:00:31]}
Bg1 {[%clk 01:02:24]} {[%emt 00:01:14]} 41. Kc3 {[%clk 01:00:11]} {[%emt
00:02:16]} d4+ {[%clk 01:02:24]} {[%emt 00:00:30]} 42. Kb3 {[%clk 00:58:35]}
{[%emt 00:02:05]} d3 {[%clk 01:01:51]} {[%emt 00:01:03]} 43. Kc3 {[%clk
00:58:41]} {[%emt 00:00:24]} d2 {[%clk 01:02:08]} {[%emt 00:00:13]} 44. Kxd2
{[%clk 00:58:56]} {[%emt 00:00:15]} Kb4 {[%clk 01:02:32]} {[%emt 00:00:06]} 45.
a5 {[%clk 00:57:43]} {[%emt 00:01:43]} Kxa5 {[%clk 01:02:52]} {[%emt 00:00:10]}
46. Kc3 {[%clk 00:57:57]} {[%emt 00:00:16]} Kb5 {[%clk 01:02:30]} {[%emt
00:00:53]} 47. Kb3 {[%clk 00:57:44]} {[%emt 00:00:42]} a5 {[%clk 01:02:49]}
{[%emt 00:00:11]} 48. Ka2 {[%clk 00:56:34]} {[%emt 00:01:40]} a4 {[%clk
01:01:11]} {[%emt 00:02:08]} 49. h3 {[%clk 00:54:25]} {[%emt 00:02:40]} Bc5
{[%clk 01:01:18]} {[%emt 00:00:19]} 50. Bf4 {[%clk 00:53:26]} {[%emt 00:01:33]}
a3 {[%clk 01:01:21]} {[%emt 00:00:26]} 51. Bg3 {[%clk 00:52:45]} {[%emt
00:01:11]} Kc4 {[%clk 01:01:32]} {[%emt 00:00:16]} 52. Bh4 {[%clk 00:49:18]}
{[%emt 00:04:01]} Kd5 {[%clk 01:01:51]} {[%emt 00:00:10]} 53. Bg3 {[%clk
00:49:31]} {[%emt 00:00:18]} Ke4 {[%clk 01:02:07]} {[%emt 00:00:12]} 54. h4
{[%clk 00:49:27]} {[%emt 00:00:34]} Kf3 {[%clk 01:01:55]} {[%emt 00:00:40]} 55.
Be1 {[%clk 00:49:36]} {[%emt 00:00:23]} Kg4 {[%clk 01:02:12]} {[%emt 00:00:14]}
56. Bd2 {[%clk 00:49:36]} {[%emt 00:00:30]} Kxh4 {[%clk 01:02:33]} {[%emt
00:00:09]} 57. Ba5 {[%clk 00:49:48]} {[%emt 00:00:17]} Kg4 {[%clk 01:02:51]}
{[%emt 00:00:12]} 58. Bc3 {[%clk 00:50:05]} {[%emt 00:00:13]} h5 {[%clk
01:03:10]} {[%emt 00:00:11]} 59. Bd2 {[%clk 00:50:19]} {[%emt 00:00:15]} h4
{[%clk 01:03:32]} {[%emt 00:00:09]} 60. Be1 {[%clk 00:50:32]} {[%emt 00:00:17]}
h3 {[%clk 01:03:52]} {[%emt 00:00:11]} 61. Bd2 {[%clk 00:50:45]} {[%emt
00:01:10]} h2 {[%clk 01:03:59]} {[%emt 00:00:22]} 62. Bf4 {[%clk 00:50:30]}
{[%emt 00:00:44]} Kxf4 {[%clk 01:04:09]} {[%emt 00:00:21]} 63. Kb3 {[%clk
00:50:49]} {[%emt 00:00:11]} h1=Q {[%clk 01:04:30]} {[%emt 00:00:09]} 64. Ka4
{[%clk 00:51:03]} {[%emt 00:00:14]} Qb1 {[%clk 01:04:43]} {[%emt 00:00:14]} 65.
Ka5 {[%clk 00:51:22]} {[%emt 00:00:15]} Qb6+ {[%clk 01:05:06]} {[%emt
00:00:07]} 66. Ka4 {[%clk 00:51:44]} {[%emt 00:00:09]} Qb4# {[%emt 00:00:06]}
0-1